000 00556nam a2200217Ia 4500
003 OSt
005 20220928135451.0
006 a|||||r|||| 00| 0
007 ta
008 220927b |||||||| |||| 00| 0 eng d
024 _a2376
037 _cTextual
040 _aSDCL
_cSDCL
_beng
041 _2eng
_aeng
082 _aO-,1J54:g, L7
100 _aConnell Dorothy
_9490848
245 0 _aSir philip Sidney
_b The maker's mind
260 _c1977
942 _hO-,1J54:g, L7
_cTEXL
_2CC
999 _c806187
_d806187